XXVIII Congreso de Ciencias del Mar: libro resúmenes
Guardat en:
| Autor corporatiu: | , |
|---|---|
| Format: | Llibre |
| Idioma: | espanyol |
| Publicat: |
Viña del Mar
Comité Organizador XXVIII Congreso de Ciencias del Mar
2008
|
| Edició: | 1a. ed |
| Matèries: | |
| Etiquetes: |
Afegir etiqueta
Sense etiquetes, Sigues el primer a etiquetar aquest registre!
|
MARC
| LEADER | 00000cam a2200000 a 4500 | ||
|---|---|---|---|
| 001 | UCC8240 | ||
| 003 | CL-VaPUC | ||
| 005 | 20220315074422.0 | ||
| 008 | 190617e20080000cl 1 spa d | ||
| 082 | 0 | 4 | |a 551.46 |b UNI |2 21 |
| 110 | 2 | |a Universidad Andrés Bello |e author |9 622390 | |
| 710 | 2 | |a Sociedad Chilena de Ciencias del Mar |e author |9 622391 | |
| 245 | 1 | 0 | |a XXVIII Congreso de Ciencias del Mar: libro resúmenes |
| 250 | |a 1a. ed | ||
| 260 | |a Viña del Mar |b Comité Organizador XXVIII Congreso de Ciencias del Mar |c 2008 | ||
| 300 | |a 237 p | ||
| 583 | |a last modification |c 20190617 11:18:00 |k Rodrigo Vera | ||
| 650 | 0 | 7 | |a CIENCIAS DEL MAR |2 CL-VaPUC |9 261896 |
| 650 | 0 | 0 | |a Congresos |9 257560 |
| 650 | 0 | 0 | |a Recursos marinos |9 261196 |
| 942 | |c BK | ||
| 945 | |a dcastane |d 20190617 11:18:00 | ||
| 546 | |a En Español | ||
| 536 | |a Universidad Andrés Bello | ||
| 518 | |p Congreso de Ciencias del Mar, 28, Viña del Mar, 26-30 de mayo de 2008 | ||
| 999 | |c 384963 |d 384961 | ||